| 000 | 00806nam a22002177a 4500 | ||
|---|---|---|---|
| 999 |
_c63352 _d63352 |
||
| 005 | 20240530110636.0 | ||
| 008 | 170925s2013 ua a g b 000 0 ara d | ||
| 017 |
_a2013/9164 _bمصر. دار الكتب |
||
| 020 | _a9789771809715 | ||
| 040 |
_aEG-CaGPL _cEG-CaGPL |
||
| 082 | 0 | 4 |
_221 _a956.91\ _bع د |
| 100 | 0 | _aعلى السيد على . | |
| 245 | 1 | 0 |
_aدراسات حول مدينة بيت المقدس فى وثائق الحرم القدسى الشريف / _cتاليف على السيد على . |
| 250 | _aط.1 | ||
| 260 |
_aالقاهرة : _bمطبعة دار الكتب و الوثائق القومية بالقاهرة ، _c2013 . |
||
| 300 |
_a384 ص ؛ _c24 سم . |
||
| 650 | _2qrmak | ||
| 651 | 0 | 7 |
_2qrmak _aالقدس _xتاريخ . |
| 942 |
_2ddc _cBK |
||